000 00445nam a2200181Ia 4500
001 4537
005 20260306145803.0
008 260306t1975||||xx |||||||||||||| ||spa||
041 _aESP
082 _a324.285
_bC81
100 _aCornejo Chávez, Héctor
_eAUT
245 0 _aSocialcristianismo y revolución peruana
260 _c1975
300 _axv, 331 páginas :
_c19 cm.
650 _aGEN
654 _aCDE
942 _cLIB
_dJUS
_fJUS
_2ddc
_n
999 _c4537
_d4537